<?xml version="1.0" encoding="UTF-8"?><?xml-stylesheet type="text/xsl" href="static/style.xsl"?><OAI-PMH xmlns="http://www.openarchives.org/OAI/2.0/" xmlns:xsi="http://www.w3.org/2001/XMLSchema-instance" xsi:schemaLocation="http://www.openarchives.org/OAI/2.0/ http://www.openarchives.org/OAI/2.0/OAI-PMH.xsd"><responseDate>2026-05-17T00:20:32Z</responseDate><request verb="GetRecord" identifier="oai:repisalud.isciii.es:20.500.12105/12071" metadataPrefix="marc">https://repisalud.isciii.es/rest/oai/request</request><GetRecord><record><header><identifier>oai:repisalud.isciii.es:20.500.12105/12071</identifier><datestamp>2024-10-21T11:22:04Z</datestamp><setSpec>com_20.500.12105_2052</setSpec><setSpec>com_20.500.12105_2051</setSpec><setSpec>col_20.500.12105_19608</setSpec></header><metadata><record xmlns="http://www.loc.gov/MARC21/slim" xmlns:dcterms="http://purl.org/dc/terms/" xmlns:doc="http://www.lyncode.com/xoai" xmlns:xsi="http://www.w3.org/2001/XMLSchema-instance" xsi:schemaLocation="http://www.loc.gov/MARC21/slim http://www.loc.gov/standards/marcxml/schema/MARC21slim.xsd">
   <leader>00925njm 22002777a 4500</leader>
   <datafield ind2=" " ind1=" " tag="042">
      <subfield code="a">dc</subfield>
   </datafield>
   <datafield ind2=" " ind1=" " tag="720">
      <subfield code="a">Castilla, Jesús</subfield>
      <subfield code="e">author</subfield>
   </datafield>
   <datafield ind2=" " ind1=" " tag="720">
      <subfield code="a">Tello-Anchuela, Odorina</subfield>
      <subfield code="e">author</subfield>
   </datafield>
   <datafield ind2=" " ind1=" " tag="720">
      <subfield code="a">Sánchez Díaz, M F</subfield>
      <subfield code="e">author</subfield>
   </datafield>
   <datafield ind2=" " ind1=" " tag="260">
      <subfield code="c">1995</subfield>
   </datafield>
   <datafield ind2=" " ind1=" " tag="520">
      <subfield code="a">[ES]  Partiendo de los casos notificados al Registro Nacional hasta junio de 1994, se han analizado los cambios en el patrón epidemiológico del SIDA en España entre los períodos 1981–1989 y 1990–1992. Los casos diagnosticados en 1981–1989 fueron predominantemente varones (83,1%), menores de 30 años (55,9%), y usuarios de drogas parenterales (63,8%) u homo/bisexuales (16,8%). En el período 1990–1992 ha aumentado la proporción de mujeres (18,5%), y de mayores de 29 años (55,0%), con un aumento de la edad media al diagnóstico. La proporción de homo/bisexuales, de receptores de transfusiones o hemoderivados, y de hijos de madres de riesgo ha descendido, mientras que la de casos de transmisión heterosexual ha aumentado del 4,3% al 8,0%. Indepen-dientementede lasgrandesdiferenciasen la incidencia entre Comunidades en 1981–1989, algunas como La Rioja, Navarra, Murcia, Galicia y Aragón presentaron un aumento mayor que la media nacional. Aunque el patrón epidemiológico en ambos períodos es parecido, se observan cambios significativos e independientes en las variables estudiadas. [EN] Based on cases reported to the National AIDS Register by end June 1994, we analysed changes in the epidemiological pattern of AIDS in Spain for the periods 1981-1989 and 1990-1992. Cases diagnosed in 1981-1989 were mainly males (83.1%), subjects under 30 years of age (55.9%), and intravenous drug users (63.8%) or homo/bisexual males (16.8%). In 1990-1992 there was an increase in the proportion of females (18.5%), cases older than 29 (55.0%), and mean age diagnosis. Proportions of homo/bisexual, blood components recipients, and mother-to-child transmission decreased, while heterosexual transmission increased from 4.3% to 8.0%. In spite of large inter-regional differences in 1981-1989, some regions, such as La Rioja, Navarre, Murcia, Galicia and Aragon, rose more than Spain as a whole. Although the epidemiological pattern in both periods is similar, significant and independent changes in analysed variables are to be observed.</subfield>
   </datafield>
   <datafield ind1="8" ind2=" " tag="024">
      <subfield code="a">Gac Sanit  . May-Jun 1995;9(48):159-65</subfield>
   </datafield>
   <datafield ind1="8" ind2=" " tag="024">
      <subfield code="a">10.1016/s0213-9111(95)71231-6</subfield>
   </datafield>
   <datafield ind1="8" ind2=" " tag="024">
      <subfield code="a">0213-9111</subfield>
   </datafield>
   <datafield ind1="8" ind2=" " tag="024">
      <subfield code="a">Gaceta sanitaria</subfield>
   </datafield>
   <datafield ind1="8" ind2=" " tag="024">
      <subfield code="a">7558628</subfield>
   </datafield>
   <datafield ind1="8" ind2=" " tag="024">
      <subfield code="a">http://hdl.handle.net/20.500.12105/12071</subfield>
   </datafield>
   <datafield tag="653" ind2=" " ind1=" ">
      <subfield code="a">SIDA</subfield>
   </datafield>
   <datafield tag="653" ind2=" " ind1=" ">
      <subfield code="a">Epidemiología</subfield>
   </datafield>
   <datafield tag="653" ind2=" " ind1=" ">
      <subfield code="a">Vigilancia epidemiológica</subfield>
   </datafield>
   <datafield tag="653" ind2=" " ind1=" ">
      <subfield code="a">AIDS</subfield>
   </datafield>
   <datafield tag="653" ind2=" " ind1=" ">
      <subfield code="a">Epidemiology</subfield>
   </datafield>
   <datafield tag="653" ind2=" " ind1=" ">
      <subfield code="a">Survelillance</subfield>
   </datafield>
   <datafield ind2="0" ind1="0" tag="245">
      <subfield code="a">Evolución del patrón epidemiológico de los casos de sida en España</subfield>
   </datafield>
</record></metadata></record></GetRecord></OAI-PMH>